แสดงรายละเอียดบรรณานุกรม
  กลับหน้าหลัก

Brief Record : Get Marc (ISO 2709) : E-mail record : QR code ปิดหน้าต่าง
E-books : เกี่ยวกับ Collections
LEADER 00000nam 2200000uu 4500
001    210746
003     ULIBM
008    020711s2555 th a 000 0 tha d
020    978-616-223-167-4
041    ^atha^beng
060  4 WS 200 ห459 2555
245    หัตถการในเด็ก=^bPediatric procedures/^cบรรณาธิการ,สุวรรณี วิษณุโยธิน,รสวันต์ อารีมิตร,กุณฑล วิชาจารย์.
246 00 ^aPediatric procedures
260    ขอนแก่น :^bภาควิชากุมารเวชศาสตร์ คณะแพทยศาสตร์ มหาวิทยาลัยขอนแก่น,^c2555.
300    ก-ช,251 หน้า :^bภาพประกอบ ;^c21 ซม.
650  4 กุมารเวชศาสตร์
650  4 ^aการรักษาโรค^xในวัยทารกและวัยเด็ก
650  4 ^aเด็ก,โรค
700 0  ^aสุวรรณี วิษณุโยธิน,^eบรรณาธิการ
700 0  ^aรสวันต์ อารีมิตร,^eบรรณาธิการ
700 0  ^aกุณฑล วิชาจารย์,^eบรรณาธิการ
710 2  ^aมหาวิทยาลัยขอนแก่น. คณะแพทยศาสตร์. ภาควิชากุมารเวชศาสตร์.
999    ^aใช้งานได้ทุกระบบ
รายการนี้ยังไม่มีแท็ก
คุณยังไม่ได้ล็อกอิน คุณสามารถมีกิจกรรมร่วมกับเว็บไซต์ได้ แต่ต้องล็อกอินก่อน ::
  ล็อกอิน
ลำดับที่ ประเภท เลขเรียก สถานที่ สถานะ
1. หนังสือทั่วไป
หนังสือทั่วไป
WS 200 ห459 2555 ฉ.3 
  
การพยาบาลเด็ก ถูกยืม กำหนดส่งวันที่ 19 เมษายน 2569
  จอง
Note:งบประมาณปี 2558
2. หนังสือทั่วไป
หนังสือทั่วไป
WS 200 ห459 2555 ฉ.4 
  
การพยาบาลเด็ก On Shelf
  ขอยืม
Note:งบประมาณปี 2558
3. หนังสือทั่วไป
หนังสือทั่วไป
WS 200 ห459 2555 ฉ.5 
  
การพยาบาลเด็ก On Shelf
  ขอยืม
Note:งบประมาณปี 2558
4. หนังสือทั่วไป
หนังสือทั่วไป
WS 200 ห459 2555 ฉ.8 
  
การพยาบาลเด็ก On Shelf
  ขอยืม
Note:จัดซื้อปีงบ 59
5. หนังสือทั่วไป
หนังสือทั่วไป
WS 200 ห459 2555 ฉ.9 
  
การพยาบาลเด็ก On Shelf
  ขอยืม
Note:จัดซื้อปีงบ 59
   [แสดง 10/10 รายการ]

รายการใกล้เคียง
    หัวเรื่อง [กุมารเวชศาสตร์]
    หัวเรื่อง [เด็ก,โรค]

BibComment


ยังไม่เคยถูกคอมเมนท์

คอมเมนท์ทรัพยากรรายการนี้
  คอมเมนท์: หัตถการในเด็ก Ped..
Bib 210746

 
 
 

 Union Library Management : ULibM
Copyright 2026. All Rights Reserved.
скачать бесплатно без регистрации порно красивый секс HD Sex Hindi sex

xxx gou

xxxx

bfxxx

xxxwww

Секса Видео

xxxx

Секса Видео

detube

geilexxx

C99 Shell

worms shell

blod xxx video
Ebony Coed Rihanna Rimes Takes A Dick In Her Young Twat priyaa indian fuck anal and pusssy hardcore indian women xxx desi hardcore fucking part 1 bengalixxxcouple